Ανάλυση χρηματοοικονομικών καταστάσεων

Αποθηκεύτηκε σε:
Λεπτομέρειες βιβλιογραφικής εγγραφής
Κύριος συγγραφέας: Subramanyam, K. R. (Συγγραφέας)
Άλλοι συγγραφείς: Λειβαδίτης, Γιάννης (Μεταφραστής), Καραμπίνης, Νικόλαος (Μεταφραστής), Δημητρόπουλος, Παναγιώτης (Μεταφραστής), Χαρδούβελης, Γκίκας Α. (Συγγραφέας εισαγωγής κ.λπ.), Παπαναστασόπουλος, Γεώργιος (Επιμελητής έκδοσης), Τζελέπης, Δημήτριος (Επιμελητής έκδοσης), Κοσμίδου, Κυριακή (edtf)
Μορφή: Βιβλίο
Γλώσσα:Greek
Δημοσίευση: Κύπρος : Broken Hill, Π. Χ. Πασχαλίδης, c2017.
Θέματα:
Ετικέτες: Προσθήκη ετικέτας
Δεν υπάρχουν, Καταχωρήστε ετικέτα πρώτοι!

MARC

LEADER 00000cam a2200000 a 4500
001 1/122231
008 201008t2017####gr | ||| |||| ||gre||
020 |a 9780078110962   |q (χαρτόδετο)  
040 |a GR-MyUa  |b gre  |c GR-MyUa  |e AACR2 
041 1 |a gre 
082 7 |a 658.15   |2 (23)  
100 1 |a Subramanyam, K. R.  |e aut 
245 1 2 |a Ανάλυση χρηματοοικονομικών καταστάσεων /   |c K. R. Subramanyam, πρόλογος Γκίκας Α. Χαρδούβελης, γενική επιμέλεια Γεώργιος Παπαναστασόπουλος, Δημήτριος Τζελέπης, Κυριακή Κοσμίδου, μετάφραση Ιωάννης Λειβαδίτης, Νικόλαος Καραμπίνης, Παναγιώτης Δημητρόπουλος.  
260 |a Κύπρος :   |b Broken Hill,   |b Π. Χ. Πασχαλίδης,   |c c2017.  
300 |a 788 σ.:   |b διαγρ., πίν. ;   |c 28 εκ.  
504 |a Περιλαμβάνει βιβλιογραφία και ευρετήριο.  
650 0 |a Financial statements  |x Accounting. 
650 0 |a Business enterprises  |x Finance. 
650 0 |a Finance. 
700 1 |a Λειβαδίτης, Γιάννης,  |e trl 
700 1 |a Καραμπίνης, Νικόλαος,  |e trl 
700 1 |a Δημητρόπουλος, Παναγιώτης,  |e trl 
700 1 |a Χαρδούβελης, Γκίκας Α.  |e aui 
700 1 |a Παπαναστασόπουλος, Γεώργιος,  |e edt 
700 1 |a Τζελέπης, Δημήτριος,  |e edt 
700 1 |a Κοσμίδου, Κυριακή,  |e edtf 
765 0 8 |i Μετάφραση του:   |t Financial statement analysis :  
767 0 8 |i Μεταφρασμένο ως :   |t Ανάλυση χρηματοοικονομικών καταστάσεων :  
852 |a INST  |b CHIOS  |e 20201008  |h 658.15 SUB  |p 005200039927  |q 005200039927  |t BK  |y 0 
920 |y Χίος  |z 2020-10 
970 |a Παροικάκη  |b Βασιλική  |z 08-10-2020